<?xml version="1.0" encoding="UTF-8"?>
<collection xmlns="http://www.loc.gov/MARC21/slim">
 <record>
  <leader>01256nam a22001937a 4500</leader>
  <controlfield tag="001">NCT_4_007642</controlfield>
  <controlfield tag="008">240513b        xxu||||| |||| 00| 0 vie d</controlfield>
  <datafield tag="999" ind1=" " ind2=" ">
   <subfield code="c">8289</subfield>
   <subfield code="d">8289</subfield>
  </datafield>
  <datafield tag="020" ind1=" " ind2=" ">
   <subfield code="c">380000</subfield>
   <subfield code="a">9786047030675</subfield>
  </datafield>
  <datafield tag="082" ind1="0" ind2="4">
   <subfield code="2">23rd ed.</subfield>
   <subfield code="a">726.09597</subfield>
   <subfield code="b">C561/T.2</subfield>
  </datafield>
  <datafield tag="100" ind1="1" ind2=" ">
   <subfield code="a">Hoàng Đạo Cương</subfield>
   <subfield code="e">Chủ biên</subfield>
  </datafield>
  <datafield tag="245" ind1="1" ind2="0">
   <subfield code="a">Kiến trúc đền Việt Nam</subfield>
   <subfield code="b">Qua tư liệu Viện Bảo tồn di tích</subfield>
   <subfield code="n">Tập 2</subfield>
   <subfield code="c">Hoàng Đạo Cương (Chủ biên)</subfield>
  </datafield>
  <datafield tag="260" ind1=" " ind2=" ">
   <subfield code="a">H.</subfield>
   <subfield code="b">Văn hóa Dân tộc</subfield>
   <subfield code="c">2021</subfield>
  </datafield>
  <datafield tag="300" ind1=" " ind2=" ">
   <subfield code="a">215tr.</subfield>
   <subfield code="b">minh họa</subfield>
   <subfield code="c">24 cm</subfield>
  </datafield>
  <datafield tag="520" ind1="3" ind2=" ">
   <subfield code="a">Các ngôi đền lớn và có tiếng ở phía Bắc, được tư liệu hóa, thể hiện những đặc trưng nổi bậc về kiến trúc như tính quần thể, tạo nên bởi sự bố cục các công trình chính và thứ yếu trong sự đăng đối và chuyển hóa mềm không gian.</subfield>
  </datafield>
  <datafield tag="653" ind1=" " ind2=" ">
   <subfield code="a">Quản trị Dịch vụ Du lịch và Lữ hành</subfield>
  </datafield>
  <datafield tag="942" ind1=" " ind2=" ">
   <subfield code="2">ddc</subfield>
   <subfield code="c">BK</subfield>
  </datafield>
  <datafield tag="952" ind1=" " ind2=" ">
   <subfield code="0">0</subfield>
   <subfield code="1">0</subfield>
   <subfield code="2">ddc</subfield>
   <subfield code="4">0</subfield>
   <subfield code="6">726_095970000000000_C561_T_2</subfield>
   <subfield code="7">0</subfield>
   <subfield code="9">28864</subfield>
   <subfield code="a">000001</subfield>
   <subfield code="b">000001</subfield>
   <subfield code="d">2024-05-13</subfield>
   <subfield code="o">726.09597 C561/T.2</subfield>
   <subfield code="p">MD.22416</subfield>
   <subfield code="r">2024-05-13</subfield>
   <subfield code="v">380000.00</subfield>
   <subfield code="w">2024-05-13</subfield>
   <subfield code="y">BK</subfield>
  </datafield>
  <datafield tag="980" ind1=" " ind2=" ">
   <subfield code="a">Thư viện Trường Đại học Nam Cần Thơ</subfield>
  </datafield>
 </record>
</collection>
